Evaluación del estado limnológico de la laguna de Fúquene (<Cundinamarca, Colombia>) con base en el fitoplancton durante el primer semestre de 1993 (Registro nro. 9367)

Detalles MARC
000 -CABECERA
Campo de control 006030000a22001690004500
090 ## - CLASIFICACIÓN LOCAL
Colección AR
Consecutivo 00267
041 0# - IDIOMA
Código de idioma para texto/pista de sonido o título separado
100 1# - ASIENTO PRINCIPAL--NOMBRE PERSONAL
Nombre personal Gómez Osorio, Marcela
245 10 - MENCION DE TITULO
Título Evaluación del estado limnológico de la laguna de Fúquene (<Cundinamarca, Colombia>) con base en el fitoplancton durante el primer semestre de 1993
650 14 - ASIENTO SECUNDARIO DE MATERIA - TERMINO TEMATICO
Término temático o nombre geográfico como elemento de entrada Limnología
650 14 - ASIENTO SECUNDARIO DE MATERIA - TERMINO TEMATICO
Término temático o nombre geográfico como elemento de entrada Análisis del agua
650 14 - ASIENTO SECUNDARIO DE MATERIA - TERMINO TEMATICO
Término temático o nombre geográfico como elemento de entrada Indicadores biológicos
650 14 - ASIENTO SECUNDARIO DE MATERIA - TERMINO TEMATICO
Término temático o nombre geográfico como elemento de entrada Ecología
651 #4 - ASIENTO SECUNDARIO DE MATERIA - NOMBRE GEOGRAFICO
-- Laguna de Fúquene
-- Cundinamarca
-- Colombia
773 1# - Item fuente:
Título Tesis
Especificación de materiales 103
Paginas del Articulo 1-11
Lugar, editorial y fecha de publicación 1993
942 ## - ELEMENTOS ADICIONALES (KOHA)
Tipo de ítem Artículo
Existencias
Withdrawn status Lost status Damaged status No para préstamo Colección Ubicación Permanente Ubicación actual Fecha de adquisición Fuente de Valor Datos de publicación Seriada Total Checkouts Número topográfico Inventario / Código de Barras Date last seen Ejemplar Price effective from Forma de adquisición Tipo de material
      No para Préstamo Hemeroteca Bogotá Bogotá 27/02/2015 Muñoz Saba, Yaneth Fuera de circulación   AR 00267 010512 25/03/2015 1 25/03/2015   Artículo
      No para Préstamo Hemeroteca Bogotá Bogotá 27/02/2015 Muñoz Saba, Yaneth Fuera de circulación   AR 00267 010513 25/03/2015 2 25/03/2015   Artículo